logo

Bir Sreshtho Munshi Abdur Rouf Library
Jhenaidah Cadet College

Experimental biochemistry / (Record no. 9953)

MARC details
000 -LEADER
fixed length control field 00811cam a2200277 i 4500
001 - CONTROL NUMBER
JCCL Control Number 9953
003 - CONTROL NUMBER IDENTIFIER
JCCL marc code BD-JhCC
005 - DATE AND TIME OF LATEST TRANSACTION
control field 20180403191751.0
008 - FIXED-LENGTH DATA ELEMENTS--GENERAL INFORMATION
fixed length control field 180403s1964 caua b 001 0 eng
020 ## - INTERNATIONAL STANDARD BOOK NUMBER
International Standard Book Number 0716701790
035 ## - SYSTEM CONTROL NUMBER
system control number (BD-JhCC)9953
040 ## - CATALOGING SOURCE
Original cataloging agency DLC
Transcribing agency DLC
Modifying agency DLC
-- BD-JhCC
041 ## - LANGUAGE CODE
Language code of Book eng
050 00 - LIBRARY OF CONGRESS CALL NUMBER
Classification number QH345
Item number .C52 1964
082 00 - DEWEY DECIMAL CLASSIFICATION NUMBER
Classification number 574.1/92/028
Author mark and Year CLA 1964
100 1# - MAIN ENTRY--PERSONAL NAME
Personal name Clark, John Magruder,
Dates associated with a name 1932-
245 10 - TITLE STATEMENT
Title Experimental biochemistry /
Statement of responsibility, etc John M. Clark, Jr. and Robert L. Switzer.
250 ## - EDITION STATEMENT
Edition statement 2d ed.
260 ## - PUBLICATION, DISTRIBUTION, ETC. (IMPRINT)
Place of publication, distribution, etc San Francisco :
Name of publisher, distributor, etc W. H. Freeman,
Date of publication, distribution, etc c1977.
300 ## - PHYSICAL DESCRIPTION
Pagination 228 p. :
Other physical details ill. ;
Dimensions 28 cm.
504 ## - BIBLIOGRAPHY, ETC. NOTE
Bibliography, etc Includes bibliographies and index.
650 #0 - SUBJECT ADDED ENTRY--TOPICAL TERM
Topical term or geographic name as entry element Biochemistry
General subdivision Laboratory manuals.
700 1# - ADDED ENTRY--PERSONAL NAME
Personal name Switzer, Robert L.,
942 ## - ADDED ENTRY ELEMENTS (KOHA)
Source of classification or shelving scheme Dewey Decimal Classification
Koha item type Reference
Holdings
Source of classification or shelving scheme Damaged status Not for loan Home library Current library Shelving location Date of accession Full call number Barcode Date last seen Copy number Method of acquisition Koha item type
Dewey Decimal Classification     JCC Rouf Library JCC Rouf Library General Stacks 04/03/2018 574.1 CLA 1964 9155 04/03/2018 C-3 Purchase Reference

JCC Library | Contacts | JCC Home

Last Update on 23 September 2017
Copyright @ 2017-2020 JCC Rouf Library
Rouf Library, Jhenidah Cadet College (JCC), Bangladesh